| 000 | 00792cam a2200241 4500 | ||
|---|---|---|---|
| 001 | WB3710-41 | ||
| 008 | 000000n2001 000 0 eng u | ||
| 035 | _a(Sirsi) u111278 | ||
| 245 | _aCall for foot and mouth rates lifeline | ||
| 260 | _c2001 | ||
| 490 |
_aRICS Press Release _v(pr032) 5 March 2001, (2) |
||
| 520 | _aIn response to the foot and mouth crisis, RICS has called on government to throw a financial lifeline to struggling farming related businesses by granting them rate relief. | ||
| 590 | _aWB | ||
| 650 | _aRICS | ||
| 650 | _aFOOT-AND-MOUTH DISEASE | ||
| 650 | _aBUSINESS RATES | ||
| 650 | _aRELIEF | ||
| 650 | _aBUSINESS RATES EXEMPTION | ||
| 650 | _aRURAL BUSINESSES | ||
| 650 | _aLOCAL GOVERNMENT FINANCE ACT 1988 | ||
| 690 |
_aRural _96268 |
||
| 942 | _n0 | ||
| 999 |
_c66306 _d66306 |
||